000 00440nam a2200145Ia 4500
008 100122s9999 xx 000 0 und d
082 _b31593
_a823
100 _aकर्नल रंजित
245 _aभयानक हत्या
260 _bहिंदी पॉकेट बुक्स
_c1978
300 _a187
630 _aभयानक हत्या
730 _aभयानक हत्या
942 _cBOOK
999 _c382993
_d382990